| 000 | 01374nam a2200241Ia 4500 | ||
|---|---|---|---|
| 003 | Ost | ||
| 005 | 20260507075158.0 | ||
| 008 | 260507s9999||||xx |||||||||||||| ||und|| | ||
| 020 | _a64352499539 | ||
| 040 | _cfsecg | ||
| 041 | _aara | ||
| 082 | _a330 | ||
| 100 |
_aالمهتار، بسام عاطف _eمؤلف |
||
| 245 | 0 |
_aالضمانة على الطلب : _bآلية دفعها-تعطل الآلية -مسؤولية المصارف "دراسنة مقارنة" / _c بسام عاطف المهتار |
|
| 260 |
_aبيروت: _bمنشورات الحلبي الحقوقية, _c2009 |
||
| 300 |
_a367 صفحة؛ _c24 سم |
||
| 504 | _aمراجع ص.355 ؛ ملاحق ص.175؛ مختصر المصطلحات ص.363 | ||
| 520 | _aإستقلالية الضمانة عن العقد الأساسي ، إستقلالية الضمانة المقابلة عن العقد الأساسي و عن الضمانة الأولية ، تعطل الآلية عند التعسف باستعمال الحق أو الغش ، الدفع بالغش أو التعسف باستعمال الحق ، تأثير إثبات الغش أو التعسف باستعمال الحق ، مسؤولية المصارف . | ||
| 653 | _aالتأمين - البنوك | ||
| 653 | _aالضمانات المالية | ||
| 700 |
_aسليت مشرفية، مايا _eمؤلف ثانوي |
||
| 942 | _cكتاب | ||
| 999 |
_c43380 _d43380 |
||